000 00516nam a2200169Ia 4500
003 GCL
008 140319s9999 xx 000 0 ara d
040 _aGCL /
_cGCL
082 0 4 _a415.1
_bا ن
100 1 _aامين عبد الله سالم
245 1 0 _aالنسب فى العربية الصورة والاداء دراسة نقدية /
_cامين عبد الله سالم
300 _a222 ص
490 _a
650 0 4 _aالنحو
650 0 4 _aاللغة العربية - الالفاظ
942 _2ddc
_cBK
999 _c37849
_d37849